000 00571nam a2200229Ia 4500
003 OSt
005 20220918190541.0
006 a|||||r|||| 00| 0
007 ta
008 220917b |||||||| |||| 00| 0 eng d
024 _a57,584
037 _cTextual
040 _aARTS
_cARTS
_beng
041 _2eng
_aeng
082 _aQ1:2:9/\, J2
100 _aPandit M P
_922657
245 0 _aMystic approach to the Veda and the upanishads
260 _c1952
650 _aRELIGION
942 _hQ1:2:9/\, J2
_cTEXL
_2CC
999 _c185750
_d185750